书目信息 |
| 题名: |
热带丛林探奇
|
|
| 作者: | 韩联宪 编著 | |
| 分册: | ||
| 出版信息: | 北京 化学工业出版社 2003 |
|
| 页数: | 198页 | |
| 开本: | 20cm | |
| 丛书名: | 动植物与生态环境科普丛书 | |
| 单 册: | ||
| 中图分类: | Q95-49 , S717.1-49 | |
| 科图分类: | ||
| 主题词: | 野生动物--普及读物 , 热带林--普及读物 , 野生动物 , 热带林 | |
| 电子资源: | ||
| ISBN: | 7-5025-4429-1 | |
| 000 | 01005oam2 2200301 450 | |
| 001 | 002400654 | |
| 005 | 20070805110602.56 | |
| 010 | @a7-5025-4429-1@dCNY16.00 | |
| 100 | @a20030630d2003 em y0chiy0110 ea | |
| 101 | 0 | @achi |
| 102 | @aCN@b110000 | |
| 105 | @aa z 000yy | |
| 106 | @ar | |
| 200 | 1 | @a热带丛林探奇@Are dai cong lin tan qi@f韩联宪编著@Fhan lian xian bian zhu |
| 210 | @a北京@c化学工业出版社@d2003 | |
| 215 | @a198页@c彩图@d20cm | |
| 225 | 2 | @a动植物与生态环境科普丛书@Adong zhi wu yu sheng tai huan jing ke pu cong shu |
| 330 | @a本书内容包括走进西双版纳,初识热带雨林,澜沧江边的知了大会,热带丛林鸟趣,接触亚洲象,正在消失的蛙类天堂,迷人的兰花谷等。 | |
| 461 | 0 | @1001002363635@12001 @a动植物与生态环境科普丛书 |
| 606 | 0 | @a野生动物@j普及读物 |
| 606 | 0 | @a热带林@j普及读物 |
| 606 | 0 | @a野生动物 |
| 606 | 0 | @a热带林 |
| 690 | @aQ95-49@v4 | |
| 690 | @aS717.1-49@v4 | |
| 701 | 0 | @a韩联宪@Ahan lian xian@4编著 |
| 801 | 0 | @aCN@bNLC@c20070805 |
| 905 | @dQ95-49@e126@f4 | |
| 热带丛林探奇/韩联宪编著.-北京:化学工业出版社,2003 |
| 198页:彩图;20cm.-(动植物与生态环境科普丛书) |
| ISBN 7-5025-4429-1:CNY16.00 |
| 本书内容包括走进西双版纳,初识热带雨林,澜沧江边的知了大会,热带丛林鸟趣,接触亚洲象,正在消失的蛙类天堂,迷人的兰花谷等。 |
| ● |
| 相关链接 |
|
|
|
|
正题名:热带丛林探奇
索取号:Q95-49/126
 
预约/预借
| 序号 | 登录号 | 条形码 | 馆藏地/架位号 | 状态 | 备注 |
| 1 | 0850895 | 208508952 | 第二样本阅览室/ [索取号:Q95-49/126] | 在馆 | |
| 2 | 0850896 | 208508961 | 第三借阅区/ [索取号:Q95-49/126] | 在馆 | |
| 3 | 0850897 | 208508970 | 第三借阅区/ [索取号:Q95-49/126] | 在馆 | |
| 4 | 0850898 | 208508989 | 第三借阅区/ [索取号:Q95-49/126] | 在馆 |